[Event "Viljandi Raud Memorial 57th"]
[Site "Viljandi"]
[Date "2023.07.08"]
[Round "8"]
[White "Haavamae, Henrik"]
[Black "Vingris, Mikelis"]
[Result "0-1"]
[WhiteElo "2093"]
[BlackElo "2122"]
[PlyCount "58"]
[EventDate "2023.07.02"]
[EventType "swiss"]
[EventRounds "9"]
[EventCountry "EST"]
[SourceTitle "CBM 215 Extra"]
[Source "ChessBase"]
[SourceDate "2023.09.30"]
[SourceVersion "1"]
[SourceVersionDate "2023.09.30"]
[SourceQuality "1"]

1. e4 c5 2. Nf3 d6 3. d4 cxd4 4. Nxd4 Nf6 5. Nc3 a6 6. Be2 e5 7. Nb3 Be7 8. Be3 Be6 9. Qd3 0-0 10. Nd5 Bxd5 11. exd5 Nbd7 12. 0-0-0 Nb6 13. Bf3 Rc8 14. Kb1 Nc4 15. Bc1 Qb6 16. g4 Rfe8 17. Rde1 Bf8 18. Qf5 g6 19. Qd3 Bg7 20. Rhf1 a5 21. c3 Qb5 22. Ka1 e4 23. Bxe4 Nxe4 24. Rxe4 Rxe4 25. Qxe4 Nxb2 26. Re1 Nd3 27. Nd4 Bxd4 28. Qxd4 Nxe1 29. Bh6 Nc2# 0-1

[Event "Keres Memorial rap 28th"]
[Site "Tallinn"]
[Date "2019.01.12"]
[Round "2"]
[White "Turov, Maxim"]
[Black "Haavamae, Henrik"]
[Result "1-0"]
[WhiteElo "2585"]
[BlackElo "2192"]
[PlyCount "51"]
[EventDate "2019.01.12"]
[EventType "swiss (rapid)"]
[EventRounds "11"]
[EventCountry "EST"]
[SourceTitle "CBM 188 Extra"]
[Source "ChessBase"]
[SourceDate "2019.02.26"]
[SourceVersion "1"]
[SourceVersionDate "2019.02.26"]
[SourceQuality "1"]

1. Nf3 b6 2. g3 Bb7 3. Bg2 Nf6 4. 0-0 d5 5. c4 e6 6. cxd5 exd5 7. d4 Bd6 8. Nc3 0-0 9. Nb5 Be7 10. Bf4 Na6 11. Rc1 c6 12. Nc3 Nc7 13. Bxc7 Qxc7 14. Ne5 Qd6 15. Qa4 Rfc8 16. e4 Qb4 17. Qxb4 Bxb4 18. exd5 cxd5 19. Bh3 Rc7 20. Nb5 Re7 21. a3 Bd2 22. Rc2 Ba6 23. a4 Ne4 24. Rd1 Bg5 25. Nc7 Rc8 26. Bxc8 1-0

[Event "Riga Tech op 8th"]
[Site "Riga"]
[Date "2018.08.06"]
[Round "1"]
[White "Predke, Alexandr"]
[Black "Haavamae, Henrik"]
[Result "1-0"]
[WhiteElo "2606"]
[BlackElo "2203"]
[PlyCount "81"]
[EventDate "2018.08.06"]
[EventType "swiss"]
[EventRounds "9"]
[EventCountry "LAT"]
[SourceTitle "CBM 185 Extra"]
[Source "ChessBase"]
[SourceDate "2018.07.29"]
[SourceVersion "1"]
[SourceVersionDate "2018.07.29"]
[SourceQuality "1"]

1. e4 c6 2. Nc3 d5 3. Nf3 g6 4. d4 Bg7 5. h3 Nf6 6. Bd3 dxe4 7. Nxe4 Nxe4 8. Bxe4 Nd7 9. 0-0 0-0 10. Bg5 Qb6 11. Re1 e5 12. dxe5 Qxb2 13. Be7 Re8 14. Bd6 Nxe5 15. Rb1 Qc3 16. Nxe5 Bxe5 17. Re3 Qd4 18. Bxe5 Qxd1+ 19. Rxd1 Rxe5 20. Rd8+ Kg7 21. Bf3 Rc5 22. c3 b6 23. Ree8 Rxc3 24. Rxc8 Rxc8 25. Rxc8 Ra3 26. Rxc6 Rxa2 27. g4 b5 28. Rc7 Ra1+ 29. Kg2 Kf6 30. Bd5 Ke5 31. Bxf7 Kd6 32. Rb7 Kc6 33. Re7 b4 34. Be8+ Kb6 35. Rxh7 b3 36. Bxg6 a5 37. Rh8 a4 38. Rb8+ Kc5 39. Bf7 Rb1 40. g5 b2 41. Ba2 1-0

[Event "Baltic zt III Stage"]
[Site "Liepaja"]
[Date "2018.07.12"]
[Round "5"]
[White "Haavamae, Henrik"]
[Black "Pedoson, Georg Aleksander"]
[Result "1/2-1/2"]
[WhiteElo "2185"]
[BlackElo "2176"]
[PlyCount "26"]
[EventDate "2018.07.09"]
[EventType "swiss"]
[EventRounds "9"]
[EventCountry "LAT"]
[SourceTitle "CBM 185 Extra"]
[Source "ChessBase"]
[SourceDate "2018.07.29"]
[SourceVersion "1"]
[SourceVersionDate "2018.07.29"]
[SourceQuality "1"]

1. d4 Nf6 2. c4 g6 3. Nc3 d5 4. Nf3 Bg7 5. Bg5 Ne4 6. Bf4 Nxc3 7. bxc3 c5 8. e3 0-0 9. cxd5 cxd4 10. cxd4 Qxd5 11. Be2 Qa5+ 12. Qd2 Qxd2+ 13. Kxd2 Nc6 1/2-1/2

[Event "Baltic zt III Stage"]
[Site "Liepaja"]
[Date "2018.07.09"]
[Round "1"]
[White "Haavamae, Henrik"]
[Black "Kanep, Meelis"]
[Result "0-1"]
[WhiteElo "2185"]
[BlackElo "2440"]
[PlyCount "76"]
[EventDate "2018.07.09"]
[EventType "swiss"]
[EventRounds "9"]
[EventCountry "LAT"]
[SourceTitle "CBM 185 Extra"]
[Source "ChessBase"]
[SourceDate "2018.07.29"]
[SourceVersion "1"]
[SourceVersionDate "2018.07.29"]
[SourceQuality "1"]

1. e4 c5 2. Nf3 d6 3. d4 cxd4 4. Nxd4 Nf6 5. Nc3 Nc6 6. Bg5 e6 7. Qd3 a6 8. 0-0-0 Bd7 9. Be2 Qa5 10. Bxf6 gxf6 11. Kb1 b5 12. Rhe1 Ne5 13. Qg3 b4 14. Nd5 exd5 15. exd5 Be7 16. f4 Ng6 17. h4 h5 18. Bd3 f5 19. Bxf5 Bxf5 20. Nxf5 Kd7 21. Nxe7 Nxe7 22. f5 Rag8 23. Qf3 Rg4 24. Re2 Nc8 25. g3 Qc5 26. f6 Kc7 27. c3 Kb8 28. cxb4 Rxb4 29. Rc2 Qb5 30. Qc3 Qb7 31. Qf3 Rb5 32. b3 Nb6 33. Rcd2 Nc4 34. Rd4 Ne5 35. Qe2 Rc8 36. R1d2 Qc7 37. Rd1 Qc3 38. R4d2 Nc4 0-1

[Event "Baltic zt II Stage"]
[Site "Palanga"]
[Date "2018.06.17"]
[Round "6"]
[White "Haavamae, Henrik"]
[Black "Vedrickas, Tautvydas"]
[Result "1-0"]
[WhiteElo "2209"]
[BlackElo "2408"]
[PlyCount "61"]
[EventDate "2018.06.14"]
[EventType "swiss"]
[EventRounds "9"]
[EventCountry "LTU"]
[SourceTitle "CBM 184 Extra"]
[Source "ChessBase"]
[SourceDate "2018.06.28"]
[SourceVersion "1"]
[SourceVersionDate "2018.06.28"]
[SourceQuality "1"]

1. e4 g6 2. d4 Bg7 3. Nc3 d6 4. f4 a6 5. Nf3 b5 6. Bd3 Nd7 7. e5 Bb7 8. Be4 Qc8 9. Qe2 Nh6 10. a4 b4 11. Nd5 e6 12. Nxb4 c5 13. dxc5 Nxc5 14. Bxb7 Qxb7 15. Nd3 Nxd3+ 16. cxd3 dxe5 17. fxe5 Qb4+ 18. Qd2 Rb8 19. Qxb4 Rxb4 20. Ra2 Rb3 21. Ke2 Nf5 22. Bd2 0-0 23. Rc1 Rd8 24. Rc3 Rb6 25. Rc4 Rb3 26. Bc3 Ne7 27. Nd4 Rbb8 28. Nc6 Nxc6 29. Rxc6 Rd5 30. d4 a5 31. Ra6 1-0

[Event "Baltic zt II Stage"]
[Site "Palanga"]
[Date "2018.06.17"]
[Round "5"]
[White "Pedoson, Georg Aleksander"]
[Black "Haavamae, Henrik"]
[Result "1-0"]
[WhiteElo "2125"]
[BlackElo "2209"]
[PlyCount "41"]
[EventDate "2018.06.14"]
[EventType "swiss"]
[EventRounds "9"]
[EventCountry "LTU"]
[SourceTitle "CBM 184 Extra"]
[Source "ChessBase"]
[SourceDate "2018.06.28"]
[SourceVersion "1"]
[SourceVersionDate "2018.06.28"]
[SourceQuality "1"]

1. c4 Nf6 2. Nc3 c6 3. Nf3 d5 4. d4 Bf5 5. Qb3 b6 6. cxd5 cxd5 7. Bg5 e6 8. e4 dxe4 9. Bb5+ Ke7 10. Ne5 a6 11. Bc6 Ra7 12. d5 h6 13. Qb4+ Qd6 14. Qxb6 hxg5 15. Qxa7+ Nbd7 16. Nc4 Qb8 17. d6+ Kd8 18. Qxa6 Bxd6 19. Rd1 Bc7 20. Qa4 e5 21. Nxe4 1-0

[Event "EST-ch U20"]
[Site "Tallinn"]
[Date "2018.04.28"]
[Round "5"]
[White "Haavamae, Henrik"]
[Black "Vorobjov, Pavel"]
[Result "1/2-1/2"]
[WhiteElo "2098"]
[BlackElo "2233"]
[PlyCount "36"]
[EventDate "2018.04.25"]
[EventType "swiss"]
[EventRounds "9"]
[EventCountry "EST"]
[SourceTitle "CBM 184 Extra"]
[Source "ChessBase"]
[SourceDate "2018.06.28"]
[SourceVersion "1"]
[SourceVersionDate "2018.06.28"]
[SourceQuality "1"]

1. e4 c5 2. Nf3 d6 3. d4 cxd4 4. Nxd4 Nf6 5. Nc3 a6 6. Bg5 Nbd7 7. f4 Qc7 8. Qe2 e6 9. 0-0-0 Be7 10. g4 h6 11. Bxf6 Bxf6 12. h4 Nb6 13. Bg2 Bd7 14. g5 hxg5 15. hxg5 Rxh1 16. Bxh1 Bxd4 17. Rxd4 0-0-0 18. Qd1 Bc6 1/2-1/2

[Event "EST-ch U20"]
[Site "Tallinn"]
[Date "2018.04.27"]
[Round "4"]
[White "Seeman, Tarvo"]
[Black "Haavamae, Henrik"]
[Result "0-1"]
[WhiteElo "2426"]
[BlackElo "2098"]
[PlyCount "94"]
[EventDate "2018.04.25"]
[EventType "swiss"]
[EventRounds "9"]
[EventCountry "EST"]
[SourceTitle "CBM 184 Extra"]
[Source "ChessBase"]
[SourceDate "2018.06.28"]
[SourceVersion "1"]
[SourceVersionDate "2018.06.28"]
[SourceQuality "1"]

1. Nf3 d5 2. g3 e6 3. Bg2 Bd6 4. 0-0 Ne7 5. c4 c6 6. d3 e5 7. Nc3 a6 8. cxd5 cxd5 9. Nd2 Be6 10. e4 d4 11. Nd5 Nbc6 12. Nc4 Bc5 13. b4 Ba7 14. a4 Nxd5 15. exd5 Bxd5 16. Bxd5 Qxd5 17. b5 Ne7 18. Re1 f6 19. f4 0-0 20. fxe5 Nf5 21. b6 Bb8 22. Ba3 Re8 23. Qg4 Nh6 24. Qe4 Qxe4 25. Rxe4 Bxe5 26. Bd6 Nf7 27. Bxe5 fxe5 28. h4 Re6 29. Rae1 Rae8 30. a5 Kf8 31. R4e2 R8e7 32. Nd2 Ke8 33. Rc1 Nd6 34. Kg2 e4 35. dxe4 Re5 36. Nc4 Nxc4 37. Rxc4 Rd7 38. Kf3 Rxa5 39. e5 d3 40. Rd2 Rxe5 41. Rc8+ Ke7 42. g4 Re6 43. g5 Rxb6 44. Rh8 h6 45. Kg4 hxg5 46. hxg5 Rc6 47. Rh3 Rcd6 0-1

[Event "Pardubice Czech op-B 28th"]
[Site "Pardubice"]
[Date "2017.07.25"]
[Round "5"]
[White "Haavamae, Henrik"]
[Black "Certek, Pavel"]
[Result "0-1"]
[WhiteElo "2070"]
[BlackElo "2276"]
[PlyCount "68"]
[EventDate "2017.07.21"]
[EventType "swiss"]
[EventRounds "9"]
[EventCountry "CZE"]
[SourceTitle "CBM 179 Extra"]
[Source "ChessBase"]
[SourceDate "2017.08.23"]
[SourceVersion "1"]
[SourceVersionDate "2017.08.23"]
[SourceQuality "1"]

1. e4 c5 2. Nf3 Nc6 3. d4 cxd4 4. Nxd4 g6 5. Nc3 Bg7 6. Be3 Nf6 7. Bc4 Qa5 8. 0-0 0-0 9. Bb3 d6 10. h3 Bd7 11. f4 Nxd4 12. Bxd4 Bc6 13. Nd5 Nxd5 14. exd5 Bd7 15. Bxg7 Kxg7 16. Qd4+ Kg8 17. Rae1 Rfe8 18. Re3 Qc5 19. Qxc5 dxc5 20. c4 e6 21. Rfe1 Kf8 22. Kf2 exd5 23. cxd5 Rxe3 24. Rxe3 Re8 25. d6 Be6 26. Bxe6 Rxe6 27. Rxe6 fxe6 28. Ke3 Ke8 29. Ke4 Kd7 30. Ke5 b5 31. g3 c4 32. g4 h5 33. a4 hxg4 34. hxg4 c3 0-1

[Event "Pardubice Czech op-B 28th"]
[Site "Pardubice"]
[Date "2017.07.24"]
[Round "4"]
[White "Kotva, Milan"]
[Black "Haavamae, Henrik"]
[Result "0-1"]
[WhiteElo "2029"]
[BlackElo "2070"]
[PlyCount "58"]
[EventDate "2017.07.21"]
[EventType "swiss"]
[EventRounds "9"]
[EventCountry "CZE"]
[SourceTitle "CBM 179 Extra"]
[Source "ChessBase"]
[SourceDate "2017.08.23"]
[SourceVersion "1"]
[SourceVersionDate "2017.08.23"]
[SourceQuality "1"]

1. e4 c5 2. c3 g6 3. Nf3 Bg7 4. d4 cxd4 5. cxd4 d5 6. exd5 Nf6 7. Bb5+ Nbd7 8. 0-0 0-0 9. d6 exd6 10. Nc3 a6 11. Ba4 b5 12. Bb3 Bb7 13. Be3 Nb6 14. Re1 Nfd5 15. Bg5 Nxc3 16. Bxd8 Nxd1 17. Bxb6 Nxb2 18. Nd2 Rfe8 19. Rab1 Nd3 20. Re3 Nf4 21. Rbe1 Rxe3 22. Rxe3 Bxg2 23. f3 Bh3 24. Ne4 Be6 25. Bxe6 fxe6 26. Nc3 Rb8 27. Re4 Nh3+ 28. Kg2 Ng5 29. Rg4 Rxb6 0-1

[Event "Pardubice Czech op-B 28th"]
[Site "Pardubice"]
[Date "2017.07.23"]
[Round "3"]
[White "Haavamae, Henrik"]
[Black "Gloser, David"]
[Result "1-0"]
[WhiteElo "2070"]
[BlackElo "1963"]
[PlyCount "59"]
[EventDate "2017.07.21"]
[EventType "swiss"]
[EventRounds "9"]
[EventCountry "CZE"]
[SourceTitle "CBM 179 Extra"]
[Source "ChessBase"]
[SourceDate "2017.08.23"]
[SourceVersion "1"]
[SourceVersionDate "2017.08.23"]
[SourceQuality "1"]

1. e4 c6 2. c4 d5 3. cxd5 cxd5 4. exd5 Nf6 5. Bb5+ Bd7 6. Bc4 b5 7. Bb3 g6 8. Nf3 Bg7 9. 0-0 0-0 10. d4 Bc8 11. Qe2 a6 12. Bg5 Bb7 13. Nc3 b4 14. Na4 Nbd7 15. Nc5 Nxc5 16. dxc5 Bxd5 17. Rfd1 Bxf3 18. Qxf3 Qa5 19. Be3 Rfc8 20. g4 e6 21. Bd4 Nd5 22. Bxg7 Kxg7 23. Bxd5 exd5 24. Rxd5 Ra7 25. Qe3 Rac7 26. Qd4+ f6 27. c6 Qa4 28. Rd7+ Kg8 29. Rd8+ Kg7 30. Rxc8 1-0

[Event "Pardubice Czech op-B 28th"]
[Site "Pardubice"]
[Date "2017.07.22"]
[Round "2"]
[White "Schoenbeck, Stephan"]
[Black "Haavamae, Henrik"]
[Result "1/2-1/2"]
[WhiteElo "1958"]
[BlackElo "2070"]
[PlyCount "70"]
[EventDate "2017.07.21"]
[EventType "swiss"]
[EventRounds "9"]
[EventCountry "CZE"]
[SourceTitle "CBM 179 Extra"]
[Source "ChessBase"]
[SourceDate "2017.08.23"]
[SourceVersion "1"]
[SourceVersionDate "2017.08.23"]
[SourceQuality "1"]

1. e4 c5 2. Nf3 Nc6 3. d4 cxd4 4. Nxd4 e5 5. Nb5 d6 6. N1c3 a6 7. Na3 b5 8. Nd5 Nge7 9. c3 Nxd5 10. Qxd5 Qc7 11. Nc2 Be6 12. Qd1 g6 13. a4 Rb8 14. Ne3 Bg7 15. axb5 axb5 16. Nd5 Qb7 17. Be3 0-0 18. Be2 f5 19. f3 fxe4 20. fxe4 Kh8 21. Bf3 Ra8 22. Rxa8 Rxa8 23. 0-0 b4 24. Nb6 Rd8 25. Nd5 bxc3 26. bxc3 Rc8 27. Qd3 Rb8 28. Nb6 Bf8 29. h3 Kg7 30. Kh2 Be7 31. Ra1 Re8 32. Nd5 Rb8 33. Ra6 Bd8 34. Ra1 Qb2 35. Ra6 Qb7 1/2-1/2

[Event "Keres Memorial rap 26th"]
[Site "Tallinn"]
[Date "2017.01.14"]
[Round "7"]
[White "Haavamae, Henrik"]
[Black "Narva, Mai"]
[Result "0-1"]
[WhiteElo "2077"]
[BlackElo "2240"]
[PlyCount "64"]
[EventDate "2017.01.14"]
[EventType "swiss (rapid)"]
[EventRounds "11"]
[EventCountry "EST"]
[SourceTitle "CBM 176 Extra"]
[Source "ChessBase"]
[SourceDate "2017.03.02"]
[SourceVersion "1"]
[SourceVersionDate "2017.03.02"]
[SourceQuality "1"]

1. e4 c5 2. Nf3 Nc6 3. d4 cxd4 4. Nxd4 Nf6 5. Nc3 d6 6. Be2 e6 7. Be3 Be7 8. 0-0 0-0 9. f4 Bd7 10. Bd3 Qb6 11. Nf5 Qxb2 12. Nxe7+ Nxe7 13. Nb5 Bxb5 14. Rb1 Qc3 15. Rxb5 Nxe4 16. Qf3 Nf6 17. Bc5 Ng6 18. Bxg6 Qxf3 19. Rxf3 dxc5 20. Bd3 b6 21. Kf2 Rfd8 22. Rb1 Rac8 23. c4 Rd4 24. Ke2 Rcd8 25. a4 e5 26. fxe5 Ng4 27. Bxh7+ Kxh7 28. Rxf7 Rd2+ 29. Ke1 Rxg2 30. e6 Rdd2 31. e7 Rde2+ 32. Kd1 Ne3+ 0-1

[Event "Viljandi Raud Memorial 50th"]
[Site "Viljandi"]
[Date "2016.07.04"]
[Round "8"]
[White "Haavamae, Henrik"]
[Black "Nero, Georg"]
[Result "1-0"]
[WhiteElo "2019"]
[BlackElo "1813"]
[PlyCount "91"]
[EventDate "2016.06.27"]
[EventType "swiss"]
[EventRounds "9"]
[EventCountry "EST"]
[SourceTitle "CBM 173 Extra"]
[Source "ChessBase"]
[SourceDate "2016.08.29"]
[SourceVersion "1"]
[SourceVersionDate "2016.08.29"]
[SourceQuality "1"]

1. e4 d5 2. exd5 Qxd5 3. Nc3 Qd6 4. d4 Nf6 5. Nf3 c6 6. Be2 Bf5 7. 0-0 e6 8. Nh4 Bg6 9. g3 Be7 10. Nxg6 hxg6 11. Bf3 0-0 12. Bf4 Qb4 13. a3 Qa5 14. Qd2 Qd8 15. Ne4 Nd5 16. Bg5 Bxg5 17. Nxg5 Nd7 18. c4 N5b6 19. Rac1 Nf6 20. Rfd1 Qe7 21. h4 Rfd8 22. Qe2 Rd7 23. Rd2 Rad8 24. Rcd1 e5 25. c5 Nc8 26. dxe5 Rxd2 27. Rxd2 Rxd2 28. Qxd2 Qxe5 29. Qd8+ Qe8 30. Qxe8+ Nxe8 31. Kf1 Kf8 32. Ke2 Nc7 33. Kd3 Ke7 34. b4 a6 35. Ne4 Ne6 36. Nd2 f5 37. Nc4 Kf6 38. Na5 Nd8 39. a4 Na7 40. Kd4 Ne6+ 41. Ke3 Nd8 42. Be2 Nc8 43. Nxb7 Nxb7 44. Bxa6 Ncd6 45. a5 Ke5 46. Bxb7 1-0

[Event "Viljandi Raud Memorial 50th"]
[Site "Viljandi"]
[Date "2016.07.03"]
[Round "7"]
[White "Lumiste, Rene"]
[Black "Haavamae, Henrik"]
[Result "1/2-1/2"]
[WhiteElo "2062"]
[BlackElo "2019"]
[PlyCount "23"]
[EventDate "2016.06.27"]
[EventType "swiss"]
[EventRounds "9"]
[EventCountry "EST"]
[SourceTitle "CBM 173 Extra"]
[Source "ChessBase"]
[SourceDate "2016.08.29"]
[SourceVersion "1"]
[SourceVersionDate "2016.08.29"]
[SourceQuality "1"]

1. b3 c5 2. Bb2 Nc6 3. e3 Nf6 4. Nf3 e6 5. d4 Be7 6. Nbd2 0-0 7. c4 b6 8. Rc1 Bb7 9. Bd3 Rc8 10. 0-0 Qc7 11. Bb1 d6 12. a3 1/2-1/2

[Event "Viljandi Raud Memorial 50th"]
[Site "Viljandi"]
[Date "2016.06.28"]
[Round "2"]
[White "Haavamae, Henrik"]
[Black "Kulaots, Kaido"]
[Result "0-1"]
[WhiteElo "2019"]
[BlackElo "2568"]
[PlyCount "50"]
[EventDate "2016.06.27"]
[EventType "swiss"]
[EventRounds "9"]
[EventCountry "EST"]
[SourceTitle "CBM 173 Extra"]
[Source "ChessBase"]
[SourceDate "2016.08.29"]
[SourceVersion "1"]
[SourceVersionDate "2016.08.29"]
[SourceQuality "1"]

1. e4 c5 2. Nf3 Nc6 3. d4 cxd4 4. Nxd4 e6 5. Nc3 a6 6. Be3 Nf6 7. Bd3 d5 8. exd5 exd5 9. 0-0 Bd6 10. h3 0-0 11. Bf5 Nxd4 12. Bxc8 Nxc2 13. Bxb7 Nxe3 14. fxe3 Rb8 15. Bxd5 Rxb2 16. Qd4 Rb4 17. Qd3 Qe7 18. Rf5 g6 19. Rf3 Qe5 20. Raf1 Qh2+ 21. Kf2 Rb2+ 22. Ne2 Qe5 23. e4 Bc5+ 24. Ke1 Nxd5 25. Qxd5 Rb1+ 0-1

[Event "EST-ch"]
[Site "Tallinn"]
[Date "2016.01.26"]
[Round "1"]
[White "Ladva, Ottomar"]
[Black "Haavamae, Henrik"]
[Result "1-0"]
[WhiteElo "2404"]
[BlackElo "2036"]
[PlyCount "101"]
[EventDate "2016.01.26"]
[EventType "swiss"]
[EventRounds "9"]
[EventCountry "EST"]
[SourceTitle "CBM 170 Extra"]
[Source "ChessBase"]
[SourceDate "2016.02.25"]
[SourceVersion "1"]
[SourceVersionDate "2016.02.25"]
[SourceQuality "1"]

1. Nf3 c5 2. c4 Nc6 3. Nc3 Nf6 4. e3 e6 5. d4 d5 6. a3 dxc4 7. Bxc4 Be7 8. 0-0 0-0 9. Re1 a6 10. d5 exd5 11. Nxd5 Nxd5 12. Bxd5 Qd6 13. e4 Be6 14. Qb3 c4 15. Qxc4 Ne5 16. Nxe5 Qxe5 17. Be3 Rac8 18. Qd4 Bf6 19. Qxe5 Bxe5 20. Bxe6 fxe6 21. Re2 Rc4 22. f3 Rd8 23. Kf2 Kf7 24. g3 Bf6 25. Rc1 Rxc1 26. Bxc1 Bd4+ 27. Be3 e5 28. Rd2 Bb6 29. Rc2 Bxe3+ 30. Kxe3 Rd7 31. Rc5 Ke6 32. h4 g6 33. f4 exf4+ 34. gxf4 Kf6 35. h5 Ke6 36. b4 Kf6 37. a4 Ke6 38. b5 axb5 39. Rxb5 Kf6 40. Rb6+ Kg7 41. hxg6 hxg6 42. e5 Rc7 43. Kf3 Kh6 44. f5 Kg5 45. fxg6 Kf5 46. Rf6+ Kxe5 47. Rf7 Rc3+ 48. Kg4 Rc4+ 49. Kh5 Ke6 50. Rxb7 Rxa4 51. g7 1-0